5HLuxD.jpg

KING HENRY VIII SENIOR AND PRIMARY SCHOOL LIBRARY OPAC

The planets / (Record no. 644)

000 -LEADER
fixed length control field 00594nam a22002177a 4500
005 - DATE AND TIME OF LATEST TRANSACTION
control field 20190910120836.0
008 - FIXED-LENGTH DATA ELEMENTS--GENERAL INFORMATION
fixed length control field 190910b ||||| |||| 00| 0 eng d
020 ## - INTERNATIONAL STANDARD BOOK NUMBER
International Standard Book Number 9780007488841
040 ## - CATALOGING SOURCE
Transcribing agency KH8
082 ## - DEWEY DECIMAL CLASSIFICATION NUMBER
Classification number 523.2 COH
100 ## - MAIN ENTRY--PERSONAL NAME
Personal name Cohen, Andrew
245 ## - TITLE STATEMENT
Title The planets /
Statement of responsibility, etc. Andrew Cohen.
260 ## - PUBLICATION, DISTRIBUTION, ETC.
Place of publication, distribution, etc. London :
Name of publisher, distributor, etc. William Collins,
Date of publication, distribution, etc. 2019.
300 ## - PHYSICAL DESCRIPTION
Extent 280 p. ;
Other physical details ill. :
Dimensions 29 cm.
500 ## - GENERAL NOTE
General note Include index
500 ## - GENERAL NOTE
General note Based on a BBC Programme
650 ## - SUBJECT ADDED ENTRY--TOPICAL TERM
Topical term or geographic name entry element Solar system
Form subdivision Popular works
650 ## - SUBJECT ADDED ENTRY--TOPICAL TERM
Topical term or geographic name entry element Planets
Form subdivision Popular works
700 ## - ADDED ENTRY--PERSONAL NAME
Personal name Cox, Brian
Relator term Author
942 ## - ADDED ENTRY ELEMENTS (KOHA)
Source of classification or shelving scheme
Koha item type Books - Non Ficton
Holdings
Withdrawn status Lost status Source of classification or shelving scheme Damaged status Not for loan Collection code Permanent Location Current Location Shelving location Date acquired Total Checkouts Full call number Barcode Date last seen Date last checked out Price effective from Koha item type
          Non-Fiction KH8 Senior School Library KH8 Senior School Library Non Fiction 2019-09-10 3 523.2 COH 3KHSL000101357 2026-01-23 2025-09-10 2019-09-10 Books - Non Ficton

Powered By KH8 IT Dept